00594nam a22001817a 450000500170000001000280001702000270004503500140007203500130008603700130009903700090011208200150012110000170013624500600015326000360021327001380024930000250038720210727153522.0 aENG-128921 B-740653 c280.00 a9788190318006 aEN-112453 aB-740653 bDBAD/PUB bGift a342.540853 aNigam, Shalu aRight to Information Law and Practice /cby Shalu Nigam aNew DelhibJBA Publishersc2006 bNew Delhie110005a5061/1, Sant Nagar, Near Dev Nagar Jain Mandir, Karol Baghk23416390 upto 97, 26567066l911151513850msales@jba.in axl, 440p.c22cm(pbk)